| 000 | 01543cam a22003854a 4500 | ||
|---|---|---|---|
| 001 | 12307318 | ||
| 003 | NUST-PNEC | ||
| 005 | 20170116180957.0 | ||
| 008 | 010212s2002 maua 001 0 eng | ||
| 010 | _a 2001030273 | ||
| 020 | _a0070111278 | ||
| 020 | _a0071210288 | ||
| 040 |
_aDLC _cDLC _dDLC |
||
| 042 | _apcc | ||
| 050 | 0 | 0 |
_aTK5102.5 _b.C3 2002 |
| 082 | 0 | 0 | _a621.38223 CAR |
| 100 | 1 | _aCarlson, A. Bruce, | |
| 245 | 1 | 0 |
_aCommunication systems : _ban introduction to signals and noise in electrical communication / _cA. Bruce Carlson, Paul B. Crilly, Janet C. Rutledge. |
| 250 | _a4th ed. | ||
| 260 |
_aBoston : _bMcGraw-Hill, _c2002. |
||
| 300 |
_axiii, 850 p. : _bill. ; _c24 cm. |
||
| 440 | 0 | _aMcGraw-Hill series in electrical and computer engineering | |
| 500 | _aIncludes index. | ||
| 650 | 0 |
_aSignal theory (Telecommunication) _xBSMIS, EL |
|
| 650 | 0 | _aModulation (Electronics) | |
| 650 | 0 | _aDigital communications. | |
| 700 | 1 | _aCrilly, Paul B. | |
| 700 | 1 | _aRutledge, Janet C. | |
| 856 | 4 | 2 |
_3Contributor biographical information _uhttp://www.loc.gov/catdir/bios/mh041/2001030273.html |
| 856 | 4 | 2 |
_3Publisher description _uhttp://www.loc.gov/catdir/description/mh021/2001030273.html |
| 856 | 4 | 1 |
_3Table of contents _uhttp://www.loc.gov/catdir/toc/mh021/2001030273.html |
| 906 |
_a7 _bcbc _corignew _d1 _eocip _f20 _gy-gencatlg |
||
| 942 |
_2ddc _cBK |
||
| 999 |
_c66566 _d66566 |
||